00264nam a2200097Ia 4500008004100000100002500041245002600066260004800092260000900140999001700149170620s9999 xx 000 0 und d aChaube- Saryu Prasad 0aComparative Education bNew Delhi- Vikas Publishing House Pvt. Ltd. c2004 c24021d24021